[Event "Winnipeg Icebreaker op"]
[Site "Winnipeg"]
[Date "2002.04.20"]
[Round "3.7"]
[White "Mu, Yuchen"]
[Black "Verch, Graham"]
[Result "1-0"]
[WhiteElo "1816"]
[BlackElo "1418"]
[PlyCount "37"]
[EventDate "2002.04.19"]
[EventType "swiss"]
[EventRounds "5"]
[EventCountry "CAN"]
[SourceTitle "EXT 2022"]
[Source "ChessBase"]
[SourceDate "2021.10.06"]
[SourceVersion "1"]
[SourceVersionDate "2021.10.06"]
[SourceQuality "1"]

1. e4 e5 2. f4 exf4 3. Nf3 Nf6 4. e5 Nh5 5. Be2 Nc6 6. 0-0 g5 7. Nxg5 Qxg5 8. Bxh5 Rg8 9. Bf3 Nxe5 10. d4 Nxf3+ 11. Qxf3 d6 12. Bxf4 Qg6 13. Nc3 c6 14. Rae1+ Be7 15. Bxd6 Qxd6 16. Qxf7+ Kd7 17. Qxg8 Qxd4+ 18. Kh1 Bb4 19. Rd1 1-0

[Event "Winnipeg Spring op"]
[Site "Winnipeg"]
[Date "2002.03.24"]
[Round "4.6"]
[White "Wasney, Mark"]
[Black "Verch, Graham"]
[Result "0-1"]
[WhiteElo "1716"]
[BlackElo "1367"]
[PlyCount "70"]
[EventDate "2002.03.22"]
[EventType "swiss"]
[EventRounds "5"]
[EventCountry "CAN"]
[SourceTitle "EXT 2022"]
[Source "ChessBase"]
[SourceDate "2021.10.06"]
[SourceVersion "1"]
[SourceVersionDate "2021.10.06"]
[SourceQuality "1"]

1. e4 e5 2. Nf3 Nc6 3. Bc4 Bc5 4. 0-0 Nf6 5. c3 Nxe4 6. d4 exd4 7. cxd4 Bb6 8. d5 Ne7 9. Qe2 Nd6 10. Bb3 0-0 11. Bg5 Re8 12. Qd3 Kh8 13. Bc2 g6 14. Bf6+ Kg8 15. Re1 Ndf5 16. Nc3 d6 17. Re2 Qd7 18. Rae1 Kf8 19. Qd2 h5 20. h3 Ba5 21. g4 Bxc3 22. bxc3 hxg4 23. hxg4 Ng7 24. Rxe7 Qxg4+ 25. Kh2 Qh3+ 26. Kg1 Qg4+ 27. Kf1 Qxf3 28. Bxg7+ Kxg7 29. Qd4+ Kh7 30. Qh4+ Kg7 31. Qg3 Qxg3 32. fxg3 Rxe7 33. Rxe7 c5 34. Re8 Bh3+ 35. Kf2 Rxe8 0-1

[Event "Winnipeg Spring op"]
[Site "Winnipeg"]
[Date "2002.03.23"]
[Round "3.9"]
[White "Kohalmi, Andy"]
[Black "Verch, Graham"]
[Result "0-1"]
[WhiteElo "1656"]
[BlackElo "1367"]
[PlyCount "68"]
[EventDate "2002.03.22"]
[EventType "swiss"]
[EventRounds "5"]
[EventCountry "CAN"]
[SourceTitle "EXT 2022"]
[Source "ChessBase"]
[SourceDate "2021.10.06"]
[SourceVersion "1"]
[SourceVersionDate "2021.10.06"]
[SourceQuality "1"]

1. e4 e5 2. Nf3 Nc6 3. Bb5 Nf6 4. 0-0 Bc5 5. d3 d6 6. h3 a6 7. Ba4 b5 8. Bb3 0-0 9. a4 Bb7 10. Nc3 b4 11. Nd5 Nxd5 12. Bxd5 a5 13. Bg5 Qd7 14. Qd2 Kh8 15. Kh1 Rab8 16. Nh4 f6 17. Be3 Bxe3 18. Qxe3 Nd4 19. Qd2 Bxd5 20. exd5 Rbc8 21. b3 c6 22. dxc6 Rxc6 23. Ra2 Rfc8 24. Rc1 Qc7 25. Nf3 Nxb3 26. cxb3 Rxc1+ 27. Kh2 Rc2 28. Rxc2 Qxc2 29. d4 Qxd2 30. Nxd2 exd4 31. Kg3 d5 32. Kf3 Re8 33. g4 g6 34. Kf4 Re2 0-1

[Event "Winnipeg TNT February op"]
[Site "Winnipeg"]
[Date "2002.02.26"]
[Round "4.7"]
[White "Verch, Graham"]
[Black "Hogeveen Rutter, Alexander"]
[Result "1-0"]
[WhiteElo "1358"]
[BlackElo "1262"]
[PlyCount "39"]
[EventDate "2002.02.05"]
[EventType "swiss"]
[EventRounds "4"]
[EventCountry "CAN"]
[SourceTitle "EXT 2022"]
[Source "ChessBase"]
[SourceDate "2021.10.06"]
[SourceVersion "1"]
[SourceVersionDate "2021.10.06"]
[SourceQuality "1"]

1. e4 c5 2. c3 d6 3. d4 cxd4 4. cxd4 Nc6 5. Nf3 Nf6 6. Nc3 Qa5 7. Bd2 g6 8. Nd5 Qd8 9. Nxf6+ exf6 10. Bc4 Qe7 11. 0-0 Bg7 12. Re1 0-0 13. Bc3 Re8 14. Rc1 Be6 15. d5 Nd8 16. dxe6 fxe6 17. Qb3 Kh8 18. Rcd1 Rc8 19. Bb4 Nf7 20. Nd4 1-0

[Event "Winnipeg Oliver Memorial"]
[Site "Winnipeg"]
[Date "2002.01.12"]
[Round "3.15"]
[White "Verch, Graham"]
[Black "Cameron, Kirk"]
[Result "1-0"]
[WhiteElo "1232"]
[BlackElo "934"]
[PlyCount "55"]
[EventDate "2002.01.11"]
[EventType "swiss"]
[EventRounds "5"]
[EventCountry "CAN"]
[SourceTitle "EXT 2022"]
[Source "ChessBase"]
[SourceDate "2021.10.06"]
[SourceVersion "1"]
[SourceVersionDate "2021.10.06"]
[SourceQuality "1"]

1. e4 e5 2. Nf3 Nc6 3. Bc4 Nf6 4. d4 Bd6 5. 0-0 Nxe4 6. Re1 Nf6 7. dxe5 Nxe5 8. Nxe5 0-0 9. Bg5 h6 10. Bh4 Kh8 11. Nxf7+ Rxf7 12. Bxf7 g5 13. Bg3 Qf8 14. Bxd6 cxd6 15. Bb3 d5 16. Nc3 d6 17. Nxd5 Ng4 18. Qd4+ Kh7 19. Re7+ Kg6 20. Rae1 a5 21. h3 Ne5 22. c3 Bf5 23. Rxb7 Re8 24. Ne3 h5 25. Nxf5 Nf3+ 26. gxf3 Rxe1+ 27. Kh2 Qxf5 28. Qg7# 1-0